{"text_format":"3","workbook":"xlsx","n_sheets":2,"sheets":["list","data"],"not_rendered":{"defined_names":9},"read":"whole","date_system":"1900"}

{"sheet":"list","index":0,"n_rows":60,"n_cols":17,"rows_kept":60}
["№","Название ОУ","Фамилия","Имя","Отчество","Пол","Участник с ОВЗ","Класс","Класс участия","Первичный балл","Добавлено по итогам апелляций","Итоговый балл","Макс. Балл","Статус","Призер регионального / республиканского этапа прошлого года","Учитель","Место работы учителя"]
[1,3,5,6,7,8,10,11,12,13,14,15,16,17,18,19,20]
[1,"МБОУ «СОШ №7 г. Азнакаево» РТ","Авзалов","Амир","Фархадович","м",null,7,8,14.5,null,null,100,"участник",null,"Гафиятуллина М.А."]
[2,"МБОУ \"Гимназия г .Азнакаево\"","Бахтиев","Саид","Азатович","м",null,7,8,48,null,null,100,"призер",null,"Шайдуллина Гульнур Радифовна"]
[3,"МБОУ «СОШ №3 п.г.т.Актюбинский» ","ЛАТЫПОВА","ФАРИДА","ФАРИДОВНА","ж",null,7,8,13.5,null,null,100,"участник",null,"ЖИЛИНА АЛЬБИНА САЛАВАТОВНА"]
[4,"МБОУ «СОШ с.Тумутук»","Шагиев","Рафаил","Ильгизович","м",null,7,8,9.5,null,null,100,"участник",null,"Вахитова А.Т.","МБОУ \"СОШ с.Тумутук\""]
[5,"МБОУ «СОШ №2 г.Азнакаево»","Ахметшин","Амир","Айратович","м",null,7,8,10.5,null,null,100,"участник",null,"мирзаханова гульназ альфаритовна","муниципальное бюджетное общеобразовательное учреждение \"средняя общеобразовательная школа №2 города азнакаево\" рт"]
[6,"МБОУ «СОШ №2 г.Азнакаево»","Курысько","Алиса","Юрьевна","ж",null,7,8,48,null,null,100,"призер",null,"мирзаханова гульназ альфаритовна","муниципальное бюджетное общеобразовательное учреждение \"средняя общеобразовательная школа №2 города азнакаево\" рт"]
[7,"МБОУ «СОШ №3г.Азнакаево»","Шайхулов","Амир","Рамилевич","м",null,8,8,45,null,null,100,"призер",null,"Юнусова А.А.","МБОУ СОШ№3 г.Азнакаево"]
[8,"МБОУ «Лицей № 4 г.Азнакаево»","Мирошниченко","Артур","Витальевич","м",null,8,8,11.5,null,null,100,"участник",null,"Елисеева Зиля Ринатовна","МБОУ \"Лицей № 4 г.Азнакаево\""]
[9,"МБОУ «Лицей № 4 г.Азнакаево»","Рамазанов","Камиль","Ниязович","м",null,8,8,50,null,null,100,"призер",null,"Елисеева Зиля Ринатовна","МБОУ \"Лицей № 4 г.Азнакаево\""]
[10,"МБОУ «СОШ №6 г. Азнакаво» Азнакаевского муниципального района РТ","Шафигуллин","Айрат","Русланович","м",null,8,8,13.5,null,null,100,"участник",null,"Лобанова Г.Р.","МБОУ \"СОШ № 6 г. Азнакаево\""]
[11,"МБОУ «СОШ №6 г. Азнакаво» Азнакаевского муниципального района РТ","Кариев","Артур","Русланович","м",null,8,8,53,null,null,100,"призер","да","Ахметова.Г.Х","МБОУ \"СОШ № 6 г. Азнакаево\""]
[12,"МБОУ «СОШ №6 г. Азнакаво» Азнакаевского муниципального района РТ","Кариев","Тимур","Русланович","м",null,8,8,55,null,null,100,"победитель",null,"Ахметова.Г.Х","МБОУ \"СОШ № 6 г. Азнакаево\""]
[13,"МБОУ «СОШ №7 г. Азнакаево» РТ","Назиров","Карим","Рафаэлевич","м",null,8,8,8,null,null,100,"участник",null,"Хайдарова Г.М."]
[14,"МБОУ «СОШ № 8 г. Азнакаево»","Исламов","Данияр","Данирович","м",null,8,8,11,null,null,100,"участник",null,"Фарукшина Гюзель Ильгизовна"]
[15,"МБОУ «СОШ № 8 г. Азнакаево»","Сафин","Ислам","Рустамович","м",null,8,8,11.5,null,null,100,"участник",null,"Фарукшина Гюзель Ильгизовна"]
[16,"МБОУ \"Гимназия г .Азнакаево\"","Ахмадишина","Адиля","Рустемовна","ж",null,8,8,4,null,null,100,"участник",null,"Шайдуллина Гульнур Радифовна"]
[17,"МБОУ «СОШ с.Тумутук»","Усеинов","Эдем","Русланович","м",null,8,8,14,null,null,100,"участник",null,"Вахитова А.Т.","МБОУ \"СОШ с.Тумутук\""]
[18,"МБОУ \"СОШ №9 г.Азнакаево\" АМР РТ","Камаева","Разиля","Ильмировна","ж",null,8,8,11,null,null,100,"участник",null,"Ахметшина Кифая Ризовна","МБОУ №СОШ №9 г.Азнакаево"]
[19,"МБОУ «СОШ №2 г.Азнакаево»","Вафин","Данила","Ильдарович","м",null,9,9,66,null,null,100,"призер",null,"мирзаханова гульназ альфаритовна","муниципальное бюджетное общеобразовательное учреждение \"средняя общеобразовательная школа №2 города азнакаево\" рт"]
[20,"МБОУ «СОШ №2 г.Азнакаево»","Гарифуллин","Алим","Мансурович","м",null,9,9,70,null,null,100,"победитель",null,"мирзаханова гульназ альфаритовна","муниципальное бюджетное общеобразовательное учреждение \"средняя общеобразовательная школа №2 города азнакаево\" рт"]
[21,"МБОУ «СОШ №2 г.Азнакаево»","Кариева","Азалия","Рамилевна","ж",null,9,9,36.5,null,null,100,"призер",null,"мирзаханова гульназ альфаритовна","муниципальное бюджетное общеобразовательное учреждение \"средняя общеобразовательная школа №2 города азнакаево\" рт"]
[22,"МБОУ «СОШ №2 г.Азнакаево»","Султангирова","Самира","Радиковна","ж",null,9,9,11,null,null,100,"участник",null,"мирзаханова гульназ альфаритовна","муниципальное бюджетное общеобразовательное учреждение \"средняя общеобразовательная школа №2 города азнакаево\" рт"]
[23,"МБОУ «СОШ №2 г.Азнакаево»","Фаттахова","Алсу","Раилевна","ж",null,9,9,13,null,null,100,"участник",null,"мирзаханова гульназ альфаритовна","муниципальное бюджетное общеобразовательное учреждение \"средняя общеобразовательная школа №2 города азнакаево\" рт"]
[24,"МБОУ «СОШ №3г.Азнакаево»","Юсупов","Камиль","Рамилевич","м",null,9,9,50,null,null,100,"призер",null,"Мирзаханов И.Ф.","МБОУ СОШ№3 г.Азнакаево"]
[25,"МБОУ «Лицей № 4 г.Азнакаево»","Набиев","Риназ","Робертович","м",null,9,9,11,null,null,100,"участник",null,"Елисеева Зиля Ринатовна","МБОУ \"Лицей № 4 г.Азнакаево\""]
[26,"МБОУ «Лицей № 4 г.Азнакаево»","Габделхаков","Камиль","Рустамович","м",null,9,9,43,null,null,100,"призер",null,"Елисеева Зиля Ринатовна","МБОУ \"Лицей № 4 г.Азнакаево\""]
[27,"МБОУ «Лицей № 4 г.Азнакаево»","Рахимзянова","Сафира","Ильдаровна","ж",null,9,9,15,null,null,100,"участник",null,"Елисеева Зиля Ринатовна","МБОУ \"Лицей № 4 г.Азнакаево\""]
[28,"МБОУ «Лицей № 4 г.Азнакаево»","Яхин","Раян","Рафаэлевич","м",null,9,9,9,null,null,100,"участник",null,"Елисеева Зиля Ринатовна","МБОУ \"Лицей № 4 г.Азнакаево\""]
[29,"МБОУ «Лицей № 4 г.Азнакаево»","Шевченко","Софья","Никитична","ж",null,9,9,16,null,null,100,"участник",null,"Елисеева Зиля Ринатовна","МБОУ \"Лицей № 4 г.Азнакаево\""]
[30,"МБОУ «Лицей № 4 г.Азнакаево»","Идиятов","Марат","Альбертович","м",null,9,9,39,null,null,100,"призер",null,"Елисеева Зиля Ринатовна","МБОУ \"Лицей № 4 г.Азнакаево\""]
[31,"МБОУ «Лицей № 4 г.Азнакаево»","Латыпов","Ильзир","Рамзилевич","м",null,9,9,12,null,null,100,"участник",null,"Елисеева Зиля Ринатовна","МБОУ \"Лицей № 4 г.Азнакаево\""]
[32,"МБОУ «СОШ №5 г. Азнакаево» РТ","Попов","Лев","Владимирович","м",null,9,9,68,null,null,100,"призер",null,"галеева а.ф.","мбоу «сош №5 г.азнакаево» рт"]
[33,"МБОУ «СОШ №6 г. Азнакаво» Азнакаевского муниципального района РТ","Балтин","Камиль","Ильмирович","м",null,9,9,39,null,null,100,"призер",null,"Лобанова Г.Р.","МБОУ \"СОШ № 6 г. Азнакаево\""]
[34,"МБОУ «СОШ №6 г. Азнакаво» Азнакаевского муниципального района РТ","Мухаметов","Самат","Фирдусович","м",null,9,9,35,null,null,100,"призер",null,"Лобанова Г.Р.","МБОУ \"СОШ № 6 г. Азнакаево\""]
[35,"МБОУ \"Гимназия г .Азнакаево\"","Латыпов","Нариман","Надирович","м",null,9,9,67,null,null,100,"призер",null,"Каримова Эльза Абузаровна"]
[36,"МБОУ \"Гимназия г .Азнакаево\"","Ахметов","Алмаз","Ильнурович","м",null,9,9,43,null,null,100,"призер",null,"Каримова Эльза Абузаровна"]
[37,"МБОУ «СОШ №3 п.г.т.Актюбинский» ","ГУМЕРОВА","АДИЛЯ","АЙДАРОВНА","ж",null,9,9,33,null,null,100,"призер",null,"ЖИЛИНА АЛЬБИНА САЛАВАТОВНА"]
[38,"МБОУ «СОШ с.Тумутук»","Шигапов","Амир","Айратович","м",null,9,9,15,null,null,100,"участник",null,"Вахитова А.Т.","МБОУ \"СОШ с.Тумутук\""]
[39,"МБОУ «СОШ с.Тумутук»","Муллакаев","Динислам","Фларитович","м",null,9,9,11,null,null,100,"участник",null,"Вахитова А.Т.","МБОУ \"СОШ с.Тумутук\""]
[40,"МБОУ «СОШ с.Тумутук»","Кашапов","Алмаз","Ильсурович","м",null,9,9,9,null,null,100,"участник",null,"Вахитова А.Т.","МБОУ \"СОШ с.Тумутук\""]
[41,"МБОУ «СОШ №2 г.Азнакаево»","Файзербаков","Расиль","Русланович","м",null,10,10,65,null,null,100,"победитель",null,"садыков шамиль раисович","муниципальное бюджетное общеобразовательное учреждение \"средняя общеобразовательная школа №2 города азнакаево\" рт"]
[42,"МБОУ «СОШ №2 г.Азнакаево»","Юсупова","Алия","Рустемовна","ж",null,10,10,9,null,null,100,"участник",null,"садыков шамиль раисович","муниципальное бюджетное общеобразовательное учреждение \"средняя общеобразовательная школа №2 города азнакаево\" рт"]
[43,"МБОУ «СОШ №5 г. Азнакаево» РТ","Ханов","Айнур","Рамилевич","м",null,10,10,33.5,null,null,100,"призер",null,"гумерова е.а.","мбоу «сош №5 г.азнакаево» рт"]
[44,"МБОУ «СОШ №5 г. Азнакаево» РТ","Асадуллина","Милана","Ильдаровна","ж",null,10,10,63,null,null,100,"призер",null,"гумерова е.а.","мбоу «сош №5 г.азнакаево» рт"]
[45,"МБОУ «СОШ №5 г. Азнакаево» РТ","Гарифуллина","Алсу","Айратовна","ж",null,10,10,16.5,null,null,100,"участник",null,"гумерова е.а.","мбоу «сош №5 г.азнакаево» рт"]
[46,"МБОУ «СОШ №6 г. Азнакаво» Азнакаевского муниципального района РТ","Зайдуллин","Амир","Радмирович","м",null,10,10,27,null,null,100,"участник",null,"Ахметова.Г.Х","МБОУ \"СОШ № 6 г. Азнакаево\""]
[47,"МБОУ «СОШ №6 г. Азнакаво» Азнакаевского муниципального района РТ","Хайруллин","Айрат","Рустамович","м",null,10,10,32.5,null,null,100,"призер",null,"Ахметова.Г.Х","МБОУ \"СОШ № 6 г. Азнакаево\""]
[48,"МБОУ \"СОШ №9 г.Азнакаево\" АМР РТ","Гайнаншина","Раиля","Рафисовна","ж",null,10,10,22.5,null,null,100,"участник",null,"Шигапова Г.Ф.","Мбоу \"СОШ №9 г.Азнакаево\""]
[49,"МБОУ \"СОШ №9 г.Азнакаево\" АМР РТ","Бурханова","Гузель","Гелюсовна","ж",null,10,10,28.5,null,null,100,"участник",null,"Шигапова Г.Ф.","Мбоу \"СОШ №9 г.Азнакаево\""]
[50,"МБОУ \"Гимназия г .Азнакаево\"","Сагитов","Нияз","Ильнурович","м",null,10,10,11.5,null,null,100,"участник",null,"Каримова Эльза Абузаровна"]
[51,"МБОУ \"Гимназия г .Азнакаево\"","Хакимов","Амир","Рамисович","м",null,10,10,30,null,null,100,"призер",null,"Каримова Эльза Абузаровна"]
[52,"МБОУ «СОШ № 1 г. Азнакаево» АМР РТ","Гараев ","Залмихан","Якуб Оглы","м",null,10,10,26,null,null,100,"участник"]
[53,"МБОУ «СОШ №2 г.Азнакаево»","Хамидуллин","Даниил","Тимурович","м",null,11,11,39,null,null,100,"участник",null,"мирзаханова гульназ альфаритовна","муниципальное бюджетное общеобразовательное учреждение \"средняя общеобразовательная школа №2 города азнакаево\" рт"]
[54,"МБОУ «Лицей № 4 г.Азнакаево»","Галиев","Тимур","Маратович","м",null,11,11,70,null,null,100,"победитель",null,"Елисеева Зиля Ринатовна","МБОУ \"Лицей № 4 г.Азнакаево\""]
[55,"МБОУ «СОШ №3 п.г.т.Актюбинский» ","КАРПОВ","РАИЛЬ","РАДИКОВИЧ","м",null,11,11,31,null,null,100,"участник",null,"ЖИЛИНА АЛЬБИНА САЛАВАТОВНА"]
[56,"МБОУ «СОШ с.Тумутук»","Ахсанов","Рамазан","Маратович","м",null,11,11,64,null,null,100,"призер",null,"Вахитова А.Т.","МБОУ \"СОШ с.Тумутук\""]
[57,"МБОУ «СОШ №5 г. Азнакаево» РТ","Салемгараева","Лиана","Ленаровна","ж",null,11,11,63,null,null,100,"призер",null,"гумерова е.а.","мбоу «сош №5 г.азнакаево» рт"]
[58,"МБОУ «СОШ №5 г. Азнакаево» РТ","Султанов","Малик","Марсович","м",null,11,11,36,null,null,100,"участник",null,"гумерова е.а.","мбоу «сош №5 г.азнакаево» рт"]

{"sheet":"data","index":1,"n_rows":25,"n_cols":10,"rows_kept":25}
[{"$nulls":6},"1 - Техника, технология и техническое творчество","2 - Культура дома, дизайн и технологии","3 - Робототехника","4 - Информационная безопасность"]
["1 - Техника, технологии и техническое творчество","1.1  Практика по ручной деревообработке",{"$nulls":4},"1.1 Практика по ручной деревообработке","2.1 Ручная обработка швейного изделия или узла","3.1 Робототехника","4.1 Не предусмотрена"]
["2 - Культура дома, дизайн и технологии","1.2 Практика по механической деревообработке",{"$nulls":4},"1.2 Практика по механической деревообработке","2.2 Механическая обработка швейного изделия или узла + Моделирование"]
["3 - Робототехника","1.3 Практика по ручной металлообработке",{"$nulls":4},"1.3 Практика по ручной металлообработке","2.3 Обработка швейного изделия или узла на швейно-вышивальном оборудовании + Моделирование"]
["4 - Информационная безопасность","1.4 Практика по механической металлообработке",{"$nulls":4},"1.4 Практика по механической металлообработке","2.4 3D-моделирование и печать"]
[null,"1.5 Электрорадиотехника",{"$nulls":4},"1.5 Электрорадиотехника","2.5 Практика по работе на лазерно-гравировальном станке"]
[null,"1.6 3D-моделирование и печать",{"$nulls":4},"1.6 3D-моделирование и печать","2.6 Промышленный дизайн"]
[null,"1.7 Практика по работе на лазерно-гравировальном станке",{"$nulls":4},"1.7 Практика по работе на лазерно-гравировальном станке"]
[null,"1.8 Промышленный дизайн",{"$nulls":4},"1.8 Промышленный дизайн"]
[null,"2.1 Ручная обработка швейного изделия или узла"]
[null,"2.2 Механическая обработка швейного изделия или узла + Моделирование"]
[null,"2.3 Обработка швейного изделия или узла на швейно-вышивальном оборудовании + Моделирование"]
[null,"2.4 3D-моделирование и печать"]
[null,"2.5 Практика по работе на лазерно-гравировальном станке"]
[null,"2.6 Промышленный дизайн"]
[null,"3.1 Робототехника"]
[null,"4.1 Не предусмотрена"]
[]
[]
[]
[]
[]
["участник"]
["призер",null,"да","да",null,"м"]
["победитель",null,null,"нет",null,"ж"]